[Event "Tirol Landesliga 2223"]
[Site "Austria"]
[Date "2022.10.01"]
[Round "1.5"]
[White "Hofherr, Helmut"]
[Black "Embacher, Gregor"]
[Result "1-0"]
[WhiteElo "1888"]
[BlackElo "2152"]
[PlyCount "93"]
[EventDate "2022.10.01"]
[EventType "team-tourn"]
[EventRounds "9"]
[EventCountry "AUT"]
[SourceTitle "EXT 2024"]
[Source "ChessBase"]
[SourceDate "2023.10.10"]
[SourceVersion "1"]
[SourceVersionDate "2023.10.10"]
[SourceQuality "1"]
[WhiteTeam "Reutte"]
[BlackTeam "Absam"]
[WhiteTeamCountry "AUT"]
[BlackTeamCountry "AUT"]

1. d4 d5 2. Nf3 e6 3. c4 c5 4. e3 Nf6 5. Nc3 a6 6. a3 dxc4 7. Bxc4 b5 8. Be2 Bb7 9. 0-0 Nbd7 10. dxc5 Bxc5 11. b4 Be7 12. Bb2 0-0 13. Rc1 Qb8 14. Qd4 Rd8 15. Rfd1 Nf8 16. Qb6 Rd6 17. Rxd6 Bxd6 18. h3 N8d7 19. Qd4 e5 20. Qd1 Qf8 21. Qb3 Qe7 22. Rd1 Rc8 23. Ng5 Rf8 24. Bf3 Bxf3 25. Nxf3 Nb6 26. e4 Rc8 27. Bc1 h6 28. Be3 Nc4 29. Nd5 Nxd5 30. Rxd5 Kh7 31. Nd2 Qe6 32. Nxc4 Rxc4 33. Qd3 Be7 34. Rd7 Kg8 35. Qd5 Qf6 36. Qa8+ Kh7 37. Qb7 Bd8 38. Rxf7 Qg6 39. Rf8 Bg5 40. Qa8 Qc6 41. Bxg5 hxg5 42. Rf5 Rc1+ 43. Kh2 Rc2 44. Qd8 Qc4 45. Qxg5 g6 46. Qe7+ Kh6 47. Qf8+ 1-0

[Event "AUT-chT2W 9900"]
[Site "Austria"]
[Date "2000.01.23"]
[Round "8"]
[White "Thoeny, Hermann"]
[Black "Hofherr, Helmut"]
[Result "1/2-1/2"]
[WhiteElo "2221"]
[BlackElo "1955"]
[PlyCount "29"]
[EventDate "1999.10.15"]
[EventType "team"]
[EventRounds "11"]
[EventCountry "AUT"]
[SourceTitle "EXT 2000"]
[Source "ChessBase"]
[SourceDate "1999.11.16"]
[SourceVersion "1"]
[SourceVersionDate "1999.11.16"]
[SourceQuality "1"]

1. d4 d5 2. Nf3 Nf6 3. c4 c6 4. Qc2 e6 5. g3 Be7 6. Bg2 0-0 7. Nbd2 Nbd7 8. 0-0 b6 9. e4 dxe4 10. Nxe4 Bb7 11. Rd1 Qc8 12. Ne5 Rd8 13. Ng5 Nxe5 14. dxe5 Rxd1+ 15. Qxd1 1/2-1/2

[Event "AUT-chT2W 9899"]
[Site "Austria"]
[Date "1998.10.17"]
[Round "1.3"]
[White "Hofherr, Helmut"]
[Black "Fuchs, Georg"]
[Result "0-1"]
[WhiteElo "100"]
[BlackElo "2180"]
[PlyCount "66"]
[EventDate "1998.10.??"]
[EventType "team"]
[EventRounds "9"]
[EventCountry "AUT"]
[SourceTitle "EXT 2000"]
[Source "ChessBase"]
[SourceDate "1999.11.16"]
[SourceVersion "1"]
[SourceVersionDate "1999.11.16"]
[SourceQuality "1"]

1. d4 d5 2. c4 e6 3. Nc3 Nf6 4. Bg5 Be7 5. e3 0-0 6. Nf3 c6 7. Rc1 Nbd7 8. Bd3 h6 9. Bh4 dxc4 10. Bxc4 b5 11. Bd3 Bb7 12. 0-0 Rc8 13. Qe2 Qa5 14. e4 b4 15. e5 bxc3 16. exf6 Bxf6 17. Qe4 g6 18. Rxc3 Ba8 19. Bxf6 Nxf6 20. Qf4 Kg7 21. Bc4 c5 22. Qe5 Qb4 23. Rfc1 cxd4 24. Nxd4 Qxb2 25. h4 h5 26. Bxe6 Qxc1+ 27. Rxc1 Rxc1+ 28. Kh2 fxe6 29. Nxe6+ Kg8 30. Qg5 Ng4+ 31. Kg3 Rc3+ 32. f3 Rfxf3+ 33. gxf3 Rxf3+ 0-1